| 000 | 00459nam a2200121Ia 4500 | ||
|---|---|---|---|
| 008 | 220615s9999||||xx |||||||||||||| ||und|| | ||
| 100 | _aFrampton, Sally | ||
| 245 | 0 | _aBelly-Rippers, Surgical Innovation and the Ovariotomy Controversy | |
| 546 | _aEnglish[eng] | ||
| 650 | _aHistory||History||Social history||Medicine—History||Abdominal surgery||Sociology | ||
| 856 | _uhttps://library.oapen.org/bitstream/20.500.12657/22950/1/1007211.pdf | ||
| 942 | _cEB | ||
| 999 |
_c14415 _d14415 |
||